| 000 | 01635nam a2200289 i 4500 | ||
|---|---|---|---|
| 003 | DO-SdBNP | ||
| 005 | 20260428092348.0 | ||
| 007 | ta | ||
| 008 | 260428b2025 dr ad||| |||| 00| 0 spa d | ||
| 040 |
_aDO-SdBNP _bspa _cBNPHU _erda |
||
| 041 | _aspa | ||
| 082 | 4 |
_axxx _bB716m _222 |
|
| 100 | 1 |
_aBonnelly Ginebra, Carlos Sully, _eautor _4aut. _989420 |
|
| 245 | 1 | 0 |
_aManual de gestión y financiación privada de infraestructuras y servicios público : _bun enfoque práctico para la república dominicana / _cCarlos Sully Bonnelly Ginebra. |
| 250 | _aPrimera edición | ||
| 264 |
_aSanto Domingo, República Dominicana : _bEdiciones Unicaribe, _c2025. |
||
| 300 |
_a674 páginas : _bilustraciones, gráficos, cuadros ; _c30 cm. |
||
| 336 |
_atexto _btxt _2rdacontent |
||
| 337 |
_asin mediación _bn _2rdamedia |
||
| 338 |
_avolumen _bnc _2rdacarrier |
||
| 500 | _aIncluye datos biográficos del autor en la solapa de la contracubierta | ||
| 504 | _aBibliografía: páginas 665-674 | ||
| 505 | _aI. Infraestructura y desarrollo, 27 -- II. Modelos de gestión y financiamiento, 65 -- III. La asociación público-privada, 119 -- IV. Buenas prácticas de asociación público-privada, 167 - V. Marco legal e institucional de las APP, 219 -- VI. Evaluación de las APP, 285 -- VII. Implementación de las APP 335 -- VIII. Propuestas privadas APP, 381 -- IX. Financiación de proyecto de APP, 421 -- X. Diseño de la APP, 475 -- XI. Modelización de la APP, 515 -- XII. Caso estudio de una APP de servicio, 547 -- XIII. Caso estudio de una APP de obra, 585 | ||
| 590 | _aInventariado, 2026 /LP | ||
| 910 | _aLP | ||
| 942 |
_2ddc _cLBS1 |
||
| 999 |
_c60628 _d60628 |
||